|
|
|
|
| LEADER |
03404nam a22003973i 4500 |
| 001 |
EBC6955688 |
| 003 |
MiAaPQ |
| 005 |
20231204023222.0 |
| 006 |
m o d | |
| 007 |
cr cnu|||||||| |
| 008 |
231204s2015 xx o ||||0 ger d |
| 020 |
|
|
|a 9783839405031
|q (electronic bk.)
|
| 020 |
|
|
|z 9783899425031
|
| 035 |
|
|
|a (MiAaPQ)EBC6955688
|
| 035 |
|
|
|a (Au-PeEL)EBL6955688
|
| 035 |
|
|
|a (OCoLC)1049914429
|
| 040 |
|
|
|a MiAaPQ
|b eng
|e rda
|e pn
|c MiAaPQ
|d MiAaPQ
|
| 100 |
1 |
|
|a Geißler, Rainer.
|
| 245 |
1 |
0 |
|a Integration durch Massenmedien / Mass Media-Integration :
|b Medien und Migration im internationalen Vergleich / Media and Migration: A Comparative Perspective.
|
| 250 |
|
|
|a 1st ed.
|
| 264 |
|
1 |
|a Bielefeld :
|b transcript,
|c 2015.
|
| 264 |
|
4 |
|c {copy}2015.
|
| 300 |
|
|
|a 1 online resource (328 pages)
|
| 336 |
|
|
|a text
|b txt
|2 rdacontent
|
| 337 |
|
|
|a computer
|b c
|2 rdamedia
|
| 338 |
|
|
|a online resource
|b cr
|2 rdacarrier
|
| 490 |
1 |
|
|a Medienumbrüche
|
| 505 |
0 |
|
|a Cover Integration durch Massenmedien -- Inhalt -- Vorwort -- I. Medien und Migration in Deutschland -- Mediale Integration von Migranten Ein Problemaufriss / Media Integration of Migrants An Outline of Problems -- TV-Nachrichtenberichterstattung über Migranten - Von der Politik zum Terror / TV-Coverage about Immigrants - From Politics to Terror -- Die Medien der türkischen Bevölkerung in Deutschland Berichterstattung, Nutzung und Funktion / The Media of the Turkish Population in Germany Coverage, Reception and Function -- Die Kontroverse um die Mediennutzung von Migranten: Massenmediale Ghettoisierung oder Einheit durch Mainstream? / The Controversy about Media Usage by Minorities: Media Usage and Integration of Turkish Migrants in Germany -- Die Entwicklung der Ethnomedien in Deutschland / The Development of Ethnic Media Cultures in Germany -- II. Medien und Migration in Nordamerika und Europa -- Embracing Unity in Diversity: Media and Ethnic Minorities in the USA / Einheit in Verschiedenheit annehmen: Medien und ethnische Minderheiten in den USA -- The Conventional News Paradigm as Systemic Bias: Re-Thinking the (Mis-)Representational Basis of Newsmedia-Minority Relations in Canada / Das konventionelle Nachrichtenparadigma als systemischer Bias: Die Basis der (Fehl-)Darstellung von Minoritäten in Nachrichtenmedien neu durchdacht -- From Freedom of Obligation to Self-Sufficiency 1979-2004: Developments in Dutch Integration- and Media Policy / Von der Freiheit der Verpflichtung zur Selbstgenügsamkeit 1979-2004: Entwicklungen in der Niederländischen Integrations- und Medienpolitik -- III. Podiumsdiskussion -- Haben Medien einen Auftrag zur Integration von Migranten?< -- subtitle/> -- Podiumsdiskussion -- Sachregister.
|
| 588 |
|
|
|a Description based on publisher supplied metadata and other sources.
|
| 590 |
|
|
|a Electronic reproduction. Ann Arbor, Michigan : ProQuest Ebook Central, 2023. Available via World Wide Web. Access may be limited to ProQuest Ebook Central affiliated libraries.
|
| 655 |
|
4 |
|a Electronic books.
|
| 700 |
1 |
|
|a Pöttker, Horst.
|
| 776 |
0 |
8 |
|i Print version:
|a Geißler, Rainer
|t Integration durch Massenmedien / Mass Media-Integration
|d Bielefeld : transcript,c2015
|z 9783899425031
|
| 797 |
2 |
|
|a ProQuest (Firm)
|
| 830 |
|
0 |
|a Medienumbrüche
|
| 856 |
4 |
0 |
|u https://ebookcentral.proquest.com/lib/matrademy/detail.action?docID=6955688
|z Click to View
|